| 000 | 01395nam a22004457a 4500 | ||
|---|---|---|---|
| 003 | OSt | ||
| 005 | 20230308113820.0 | ||
| 008 | 221006b |||||||| |||| 00| 0 eng d | ||
| 020 | _a1136-6907 | ||
| 040 | _cBiblioteca Lado V | ||
| 082 |
_a700.41 _bR744a |
||
| 100 |
_9525 _aRolando, Carlos _eautor |
||
| 245 | _aARCONoticas/ | ||
| 260 |
_bFeria Internacional de Arte Contemporáneo _c2000 _aMadrid |
||
| 300 |
_c21x30cm _a104p. |
||
| 490 |
_a18 _v2000 |
||
| 505 | _tEditorial | ||
| 505 | _tIn Memorian Ruth Benzacar | ||
| 505 | _tARCO 200 REVIEW | ||
| 505 | _tARCO 2001 Preview | ||
| 505 | _tGaleria de Perfiles | ||
| 505 | _tLatinoamerica | ||
| 505 | _tArte Electronico | ||
| 505 | _tColeccionismo | ||
| 505 | _tHorizontes | ||
| 505 | _tGallery Focus | ||
| 505 | _tEspacios para el Arte | ||
| 505 | _tDe Interes | ||
| 505 | _tNoticias de la Asociación | ||
| 505 | _tCuadernos | ||
| 505 | _tWho's Who en el reino unido | ||
| 505 | _tGrandes Citas Internacionales | ||
| 505 | _tAgenda de las Artes Visuales | ||
| 650 |
_2Tesauro de Arte & Arquitectura _aARTE _9703 |
||
| 650 |
_2Tesauro de Arte & Arquitectura _aNOTICIAS |
||
| 650 |
_2Tesauro de Arte & Arquitectura _aCRITICA |
||
| 650 |
_2Tesauro de Arte & Arquitectura _aAPRECIACION |
||
| 650 |
_2Tesauro de Arte & Arquitectura _aVISIBILIDAD |
||
| 942 |
_2ddc _c1 _h700.41 _iR744a _n0 |
||
| 999 |
_c3145 _d3145 |
||